| 000 | 00657nam a2200241Ia 4500 | ||
|---|---|---|---|
| 008 | 170711s9999 xx 000 0 und d | ||
| 020 | _a912511826 | ||
| 050 | _a930.1 | ||
| 050 | _bIn62 2006 | ||
| 245 | _aInvestigating artifacts : | ||
| 245 | _bmaking masks, creating myths, exploring middens / | ||
| 260 | _aUSA : | ||
| 260 | _bLHS Gems, | ||
| 260 | _c2006 | ||
| 300 | _a114 pages : | ||
| 300 | _billustrations ; | ||
| 300 | _c27cm. | ||
| 650 | _aArcheology -- | ||
| 650 | _aArcheology -- | ||
| 650 | _xStudy and teaching (Elementary) -- United Stated. | ||
| 650 | _xStudy and teaching (Preschool) -- United Stated. | ||
| 700 | _aTitle. | ||
| 999 |
_c339699 _d339699 |
||